000 00630cam a2200217 4500500
005 20260329003608.0
041 _afre
042 _adc
100 1 0 _ade Oliveira, Victorine
_eauthor
245 0 0 _aAux frontières de l’humain
260 _c2016.
500 _a70
690 _aDenis Vidal
690 _aEmpathie
690 _aLuisa Damiano
690 _aPascal Chabot
690 _aPaul Dumouchel
690 _aRobot
786 0 _nPhilosophie magazine | 97 | 3 | 2016-03-01 | p. 61-64 | 1951-1787
856 4 1 _uhttps://shs.cairn.info/magazine-philosophie-magazine-2016-3-page-61?lang=fr&redirect-ssocas=7080
999 _c1825893
_d1825893